Регионална библиотека "Любен Каравелов" - Русе

Избрани произведения (Запис номер 3646)

MARC детайли
000 -Лидер
Контролно поле с фиксирана дължина 01370nam a2200325 c 4500
003 - Код на организацията, давaща контролен номер
Контролно поле BLK
005 - Дата и час на последна редакция
Контролно поле 20180420213718.0
008 - Елементи от данни с фиксирана дължина
fixed length control field 180412b bul|||||r ||||||| ||bul||
010 ## - Наследен системен номер
LC control number KNG00004753000
020 ## - Международен стандартен номер на книга ISBN
Международен стандартен номер на книга ISBN 954-419-029-5
-- издат.: Отечество - на том(т. 13)
040 ## - Източник на каталожния запис
Идентификатор на билиотеката - собственик на записа BLK
041 ## - Код за език
Код за езика на текст/звукозапис или на отделно заглавие Български
Код за езика КДБФ Български
080 ## - УДК
Текстов определител УДК Немска литература
УДК код - определител по УДК 821.112.2
УДК определител (081.2)
УДК - код + определител 821.112.2(081.2)
080 ## - УДК
Текстов определител УДК Немска литература
УДК код - определител по УДК 821.112.2
УДК определител -93-31
УДК - код + определител 821.112.2-93-31
100 1# - Редна дума - Автор
Автор Май, Карл
Авторска отговорност първи автор
R(LIN) 241916
139 ## - Редно поле
Редна дума Май, Карл
Авторски знак Маи - М 16
245 10 - Сведения за заглавието
Заглавие Избрани произведения
Подзаглавни данни Т. 1 - За том: Роман за юноши
Редно поле (дума) Карл Май; прев. от нем. Веселин Стаменов Радков.
Том Т. 13
Заглавие на том Коледа
257 ## - Страна на издаване
Страна на създаване/издаване Германия
260 ## - Област на издателските данни
-- София
Година на издаване 1988 -
300 ## - Физическа характеристика
Размери/Мащаб 22 см
380 ## - Жанр
Жанр Худож. лит.
490 1# - СЕРИИ (Колекции)
Име на серия Световна класика за деца
700 1# - Други автори (авторска отговорност)
Лично име Радков, Веселин Стаменов
Автороска отговорност (Описва отношението между автора и произведението) прев. от нем.
9 (RLIN) 247612
760 1# - Описание на основната серия
-- - на том(т. 13)
Редна дума на основното описание Май, Карл
Място на издаване, издател и година Отечество, 1993
Страници - том 384 с.
Забележка - том Ориг. загл. Weihnacht / Karl May
Заглавие Т. 13 Коледа
852 ## - Местоположение
Форматна сигнатура Цб 154874
856 4# - Електронен адрес и достъп
Електронен формат pdf - файл
Път до файла /url/
856 4# - Електронен адрес и достъп
Електронен формат pdf - файл
Път до файла /url/
942 ## - АРТИКУЛИ
Вид на библиотечния материал Книги
Скрит в OPAC Не
Koha issues (borrowed), all copies 1
944 ## - СЪЗДАВАНЕ И РЕДАКЦИЯ на ЗАПИСА
Създаване/Редакция Създаване
Дата на регистрацията/редакция 15.01.2003
Служител, извършил регистрацията/редакцията Виолета_Тройчева
944 ## - СЪЗДАВАНЕ И РЕДАКЦИЯ на ЗАПИСА
Създаване/Редакция Редакция
Дата на регистрацията/редакция 18.02.2011
Служител, извършил регистрацията/редакцията
999 ## - СИСТЕМНИ КОНТРОЛНИ НОМЕРА
Koha biblionumber 3646
Koha biblioitemnumber 3646
Наличности
Код за отписване Код за изгубен артикул Източник на класификационната схема Код за повреда Коз за рестрикции Код за отдаване Артикулен № Име на библиотеката - собственик Име на библиотеката, в която се намира в момента Статус (Текущо местоположение) Дата на вписване в системата Местоположение - отдел Цена в лева Инвентарен номер Систематично азбучна сигнатура Баркод Номер на екземпляра Цена в евро Служебен тип на артикула Служебна бележка Бележка за публиката
  Не е изгубен Universal Decimal Classification Не е повреден без рестрикции ползва се в читалня 6542 Регионална библиотека "Любен Каравелов" Русе Регионална библиотека "Любен Каравелов" Русе Хранилище 2001-01-01 Хранилище 50.00 594576 Цб 154874 120000594576 1 25.56 Книги    
Изтеглен Не е изгубен   Не е повреден без рестрикции заемане за дома 6543 Регионална библиотека "Любен Каравелов" Русе Регионална библиотека "Любен Каравелов" Русе   2001-01-01 Детски отдел 3.50 593551 Д 820/899/М 16 593551 2 1.79 Книги Дост: Pk Вид: Ф N: стар фонд Дата: 01.01.2001 Дата инв: 12.09.2015 Бележки инв: Д2015 Отч.N: 48/17 , Дата: 06.10.2017
Изтеглен Не е изгубен Universal Decimal Classification Не е повреден без рестрикции заемане за дома 6544 Регионална библиотека "Любен Каравелов" Русе Регионална библиотека "Любен Каравелов" Русе Заемна - подръчен фонд 2001-01-01 Заемна - подръчен фонд 3.50 593552 П 830(081)/М 16 593552 3 1.79 Книги Дост: Pk Вид: Ф N: стар фонд Дата: 01.01.2001 Дата инв: 16.02.2018 Бележки инв: П2018  
Vip Innovations Ltd, Rousse, Bulgaria 2025